00227nam a22000977a 4500082001700000100001500017245002900032260004200061300000800103650001800111 a297.0960 LEW aLewis, I.M aIslam In Tropical Africa aLondonbOxford University Pressc1966 a470 aIslam- Africa